000 00939cam a2200229 4500
001 WB3549-39
008 000000n1999 000 0 eng u
035 _a(Sirsi) u103137
245 _aUnveiling of transport 'vision'
260 _c1999
490 _aIndependent
_v14 December 1999, 6(2)
490 _aDETR News Release
_v(1198) 13 December 1999 (3)
520 _aThe Deputy Prime Minister has announced investment in transport of £80bn over the next ten years, and unveiled the projects which he would like to see introduced, including a 'Transport Direct' telephone service offering advice on all types of transport, a universal ticket, covering all transport modes, and new bus and rail fleets.
590 _aWB
650 _aTRANSPORT POLICY
650 _aTRANSPORT INVESTMENT
650 _aPUBLIC TRANSPORT
650 _aGOVERNMENT POLICY
650 _aSAFETY
690 _aTRANSPORT AND COMMUNICATIONS
942 _n0
999 _c61987
_d61987